[Event "George Trundle Talents"]
[Site "Auckland"]
[Date "2020.01.11"]
[Round "8"]
[White "Shen Su, Kevin"]
[Black "Sharma, Akshay"]
[Result "0-1"]
[WhiteElo "1395"]
[BlackElo "1504"]
[PlyCount "50"]
[EventDate "2020.01.04"]
[EventType "tourn"]
[EventRounds "9"]
[EventCountry "NZL"]
[SourceTitle "EXT 2021"]
[Source "ChessBase"]
[SourceDate "2020.10.23"]
[SourceVersion "1"]
[SourceVersionDate "2020.10.23"]
[SourceQuality "1"]

1. c4 e6 2. Nc3 Nf6 3. e4 d6 4. d3 c5 5. Nge2 Nc6 6. Bg5 Be7 7. g3 0-0 8. Bg2 Rb8 9. Rb1 a6 10. b3 h6 11. Bxf6 Bxf6 12. 0-0 Nd4 13. f4 b5 14. cxb5 axb5 15. Nxd4 Bxd4+ 16. Rf2 Bxc3 17. Re2 Bb7 18. Qc2 b4 19. e5 Bxg2 20. Kxg2 d5 21. a3 d4 22. a4 Qd5+ 23. Kf2 f6 24. h4 fxe5 25. Rxe5 Qxe5 0-1

[Event "George Trundle Talents"]
[Site "Auckland"]
[Date "2020.01.10"]
[Round "7"]
[White "Zhang, Tim"]
[Black "Shen Su, Kevin"]
[Result "1-0"]
[WhiteElo "1270"]
[BlackElo "1395"]
[PlyCount "65"]
[EventDate "2020.01.04"]
[EventType "tourn"]
[EventRounds "9"]
[EventCountry "NZL"]
[SourceTitle "EXT 2021"]
[Source "ChessBase"]
[SourceDate "2020.10.23"]
[SourceVersion "1"]
[SourceVersionDate "2020.10.23"]
[SourceQuality "1"]

1. d4 c5 2. c3 Nf6 3. dxc5 e6 4. b4 a5 5. a3 axb4 6. cxb4 Nc6 7. Bb2 d6 8. cxd6 Qxd6 9. Qxd6 Bxd6 10. Nd2 b5 11. Ngf3 Bb7 12. e4 e5 13. Bxb5 0-0 14. 0-0 Na7 15. Bd3 Rfd8 16. Rfe1 Bxb4 17. axb4 Rxd3 18. Bxe5 Nc6 19. Rxa8+ Bxa8 20. Bxf6 gxf6 21. Rb1 Ne5 22. Nxe5 fxe5 23. Nc4 Bxe4 24. f3 Bg6 25. Nxe5 Rd5 26. Nxg6 hxg6 27. b5 Rd7 28. b6 Rb7 29. Kf2 f5 30. Ke3 Kf7 31. Kd4 Ke6 32. Kc5 Kd7 33. Rd1+ 1-0